000 00482nam a2200181Ia 4500
008 240925s9999 xx 000 0 und d
020 _a602223261
082 _a428 RIC
100 _aRichads, Haydn
245 0 _aJunior English Revised
250 _aNA
260 _aLondon:
_bGill & TCompny Aylesbury
_cNA
300 _aVarious pages
_bNA
_fOriginal
500 _aIncludes Reference
600 _aHumanities & Natural Science
650 _aEnglish and Old English
942 _cBK
999 _c2893
_d2893